[Event "HUN-chT 1819"]
[Site "Hungary"]
[Date "2019.04.27"]
[Round "8.5"]
[White "Fusthy, Zsolt"]
[Black "Karacsonyi, Gellert"]
[Result "1-0"]
[WhiteElo "2278"]
[BlackElo "2135"]
[PlyCount "81"]
[EventDate "2018.11.17"]
[EventType "team-tourn"]
[EventRounds "9"]
[EventCountry "HUN"]
[SourceTitle "CBM 190 Extra"]
[Source "ChessBase"]
[SourceDate "2019.07.15"]
[SourceVersion "1"]
[SourceVersionDate "2019.07.15"]
[SourceQuality "1"]
[WhiteTeam "DVTK"]
[BlackTeam "Penzugyor"]
[WhiteTeamCountry "HUN"]
[BlackTeamCountry "HUN"]

1. Nf3 Nf6 2. g3 d5 3. Bg2 e6 4. 0-0 Be7 5. d3 0-0 6. Nbd2 c5 7. e4 Nc6 8. Re1 b6 9. e5 Nd7 10. Nf1 a5 11. h4 Ba6 12. N1h2 Rc8 13. h5 b5 14. Ng4 b4 15. Bf4 a4 16. Qc1 Nd4 17. Ngh2 Qb6 18. b3 axb3 19. axb3 Nb5 20. Bg5 Bxg5 21. Qxg5 Na3 22. h6 g6 23. c4 dxc4 24. dxc4 Qd8 25. Qc1 Bb7 26. Ra2 Qe7 27. Ng4 Rcd8 28. Ng5 Bxg2 29. Kxg2 Kh8 30. Qf4 Nb8 31. Nf6 Rd4 32. Qf3 Rfd8 33. Nfxh7 Rd3 34. Re3 Rxe3 35. fxe3 Nd7 36. Qxf7 Qxf7 37. Nxf7+ Kxh7 38. Nxd8 Nxe5 39. Nxe6 Nd3 40. Rd2 Nc2 41. Kf3 1-0

[Event "HUN-chT2 Barcza 1617"]
[Site "Hungary"]
[Date "2017.02.26"]
[Round "9.2"]
[White "Barva, Attila"]
[Black "Fusthy, Zsolt"]
[Result "1-0"]
[WhiteElo "2373"]
[BlackElo "2301"]
[PlyCount "69"]
[EventDate "2016.09.25"]
[EventType "team-tourn"]
[EventRounds "11"]
[EventCountry "HUN"]
[SourceTitle "EXT 2021"]
[Source "ChessBase"]
[SourceDate "2020.10.23"]
[SourceVersion "1"]
[SourceVersionDate "2020.10.23"]
[SourceQuality "1"]
[WhiteTeam "Edeleny"]
[BlackTeam "Lillafured DVTK II"]
[WhiteTeamCountry "HUN"]
[BlackTeamCountry "HUN"]

1. d4 Nf6 2. Bf4 e6 3. Nd2 d5 4. e3 c5 5. c3 Nc6 6. Ngf3 Bd6 7. Bg3 0-0 8. Bd3 b6 9. dxc5 bxc5 10. e4 Be7 11. Qe2 Qb6 12. Rb1 a5 13. e5 Nd7 14. h4 h6 15. a3 Ba6 16. c4 Rfd8 17. Bf4 Nf8 18. Rh3 dxc4 19. Nxc4 Bxc4 20. Bxc4 Nd4 21. Qe4 Ng6 22. Nxd4 cxd4 23. Bd3 Kf8 24. Bh2 Ke8 25. Qg4 Nf8 26. Qxg7 Ra7 27. Qxh6 Rc8 28. h5 Rac7 29. Qd2 Qb7 30. Rf3 Rc5 31. Kf1 Bd8 32. Qf4 Qe7 33. h6 Ng6 34. Bxg6 fxg6 35. h7 1-0

[Event "HUN-chT 1617"]
[Site "Hungary"]
[Date "2016.11.27"]
[Round "3.12"]
[White "Gelle, Istvan"]
[Black "Fusthy, Zsolt"]
[Result "1-0"]
[WhiteElo "2286"]
[BlackElo "2301"]
[PlyCount "103"]
[EventDate "2016.10.30"]
[EventType "team-tourn"]
[EventRounds "9"]
[EventCountry "HUN"]
[SourceTitle "EXT 2018"]
[Source "ChessBase"]
[SourceDate "2017.10.13"]
[SourceVersion "1"]
[SourceVersionDate "2017.10.13"]
[SourceQuality "1"]
[WhiteTeam "HASE Lila Futo"]
[BlackTeam "DVTK"]
[WhiteTeamCountry "HUN"]
[BlackTeamCountry "HUN"]

1. d4 Nf6 2. Bf4 g6 3. e3 Bg7 4. h3 0-0 5. Nf3 d6 6. Be2 b6 7. 0-0 Bb7 8. a4 a6 9. Nbd2 Nbd7 10. Bh2 Re8 11. c3 e5 12. Qb3 a5 13. Rfc1 Ne4 14. Bc4 Qe7 15. Nxe4 Bxe4 16. Bxf7+ Qxf7 17. Qxf7+ Kxf7 18. Ng5+ Kg8 19. Nxe4 exd4 20. cxd4 Rxe4 21. Rxc7 Nf6 22. Bxd6 Nd5 23. Rc6 Re6 24. Rac1 Kf7 25. b3 Rd8 26. Bg3 Rde8 27. Kf1 Bf6 28. R1c4 h5 29. Rxe6 Rxe6 30. Ke2 Be7 31. Be5 Bb4 32. f4 Ne7 33. g4 hxg4 34. hxg4 Bd6 35. Bxd6 Rxd6 36. e4 Rc6 37. d5 Rxc4 38. bxc4 Nc8 39. e5 Ne7 40. Ke3 Ng8 41. f5 g5 42. d6 Nh6 43. Ke4 Nxg4 44. Kd5 Ne3+ 45. Ke4 Nxc4 46. d7 Ke7 47. e6 Nd6+ 48. Ke5 Nb7 49. f6+ Kd8 50. Kd5 Nc5 51. f7 Ke7 52. d8Q+ 1-0

[Event "HUN-chT2 Maroczy 1516"]
[Site "Hungary"]
[Date "2016.03.20"]
[Round "7.2"]
[White "Fusthy, Zsolt"]
[Black "Torok, Sandor"]
[Result "1-0"]
[WhiteElo "2310"]
[BlackElo "2264"]
[PlyCount "125"]
[EventDate "2015.10.18"]
[EventType "team-tourn"]
[EventRounds "9"]
[EventCountry "HUN"]
[SourceTitle "EXT 2017"]
[Source "ChessBase"]
[SourceDate "2016.10.25"]
[SourceVersion "1"]
[SourceVersionDate "2016.10.25"]
[SourceQuality "1"]
[WhiteTeam "MLTC"]
[BlackTeam "Vasas"]
[WhiteTeamCountry "HUN"]
[BlackTeamCountry "HUN"]

1. e4 e5 2. Nf3 Nc6 3. Bc4 Nf6 4. Ng5 Bc5 5. Bxf7+ Ke7 6. Bb3 Qe8 7. d3 d6 8. Nf3 h6 9. Be3 Bb4+ 10. c3 Ba5 11. h3 g5 12. Nbd2 Qh5 13. Rh2 Qe8 14. Nc4 Bb6 15. Qd2 Na5 16. Nxa5 Bxa5 17. 0-0-0 c5 18. Qe2 Bd7 19. Rhh1 Bb5 20. h4 g4 21. Nh2 Qc8 22. f3 g3 23. Nf1 Nh5 24. Qd2 Qf8 25. Rh3 Qg7 26. Qe1 Bd7 27. Rh1 Rhf8 28. Qd2 Rf6 29. Bg5 hxg5 30. hxg5 Rf4 31. Rxh5 Rh8 32. Nxg3 Rh4 33. Rxh4 Rxh4 34. Rh1 Rxh1+ 35. Nxh1 Ke8 36. g3 Qh7 37. Qg2 Bd8 38. f4 exf4 39. gxf4 Qh4 40. g6 Qxf4+ 41. Kb1 Bg5 42. a3 Kf8 43. Ng3 Be8 44. Nf5 Bxg6 45. Qh3 Bxf5 46. exf5 Qe3 47. Qh8+ Ke7 48. Qg7+ Kd8 49. f6 Qxd3+ 50. Ka2 c4 51. Qg8+ Kc7 52. Bxc4 Qf5 53. f7 Bh6 54. Qe8 Qf6 55. Bd5 Qe5 56. Qb5 b6 57. Qc6+ Kd8 58. Qa8+ Kc7 59. Qxa7+ Kc8 60. Qb7+ Kd8 61. Qxb6+ Kd7 62. Qb7+ Kd8 63. a4 1-0

[Event "HUN-chT2 Maroczy 1516"]
[Site "Hungary"]
[Date "2016.02.28"]
[Round "6.2"]
[White "Kun, Gabor"]
[Black "Fusthy, Zsolt"]
[Result "1-0"]
[WhiteElo "2339"]
[BlackElo "2310"]
[PlyCount "155"]
[EventDate "2015.10.18"]
[EventType "team-tourn"]
[EventRounds "9"]
[EventCountry "HUN"]
[SourceTitle "EXT 2017"]
[Source "ChessBase"]
[SourceDate "2016.10.25"]
[SourceVersion "1"]
[SourceVersionDate "2016.10.25"]
[SourceQuality "1"]
[WhiteTeam "Magyar Sakkvilag"]
[BlackTeam "MLTC"]
[WhiteTeamCountry "HUN"]
[BlackTeamCountry "HUN"]

1. e4 e5 2. Nf3 Nc6 3. Bc4 Bc5 4. c3 Nf6 5. d4 exd4 6. e5 d5 7. Be2 d3 8. exf6 dxe2 9. Qxe2+ Kf8 10. b4 Bd6 11. b5 Na5 12. Bg5 gxf6 13. Bh6+ Kg8 14. 0-0 Bf8 15. Bxf8 Kxf8 16. Nd4 Nc4 17. Nd2 Nxd2 18. Qxd2 Kg7 19. Rfe1 h5 20. Re3 Qd6 21. Rae1 Bd7 22. Qd3 a6 23. bxa6 Rxa6 24. Nf5+ Bxf5 25. Qxf5 Rxa2 26. Rg3+ Kh6 27. Rh3 Kg7 28. g4 h4 29. Rf3 Rh6 30. Qc8 Rh8 31. Qf5 Rh6 32. h3 Ra8 33. Kh1 Rg6 34. Qd3 Rg5 35. Rfe3 Ra2 36. Kg1 Qf4 37. Rf3 Qc4 38. Qb1 Re5 39. Rxe5 fxe5 40. Qf5 Ra1+ 41. Kh2 d4 42. Qxe5+ Kg8 43. Qg5+ Kf8 44. Qd8+ Kg7 45. Qf6+ Kf8 46. cxd4 Ra6 47. Qh8+ Ke7 48. Qxh4+ Kf8 49. Qh8+ Ke7 50. Qc8 Rc6 51. d5 Rc5 52. Qxb7 Rxd5 53. Kg3 Rd4 54. Re3+ Kd6 55. Qf3 c6 56. Qf6+ Kc5 57. Qe5+ Kb6 58. Qb8+ Kc5 59. Re5+ Rd5 60. Qa7+ Kb4 61. Re3 Rd3 62. h4 c5 63. Qb7+ Kc3 64. Qf3 Kd2 65. Qe2+ Kc3 66. Qxd3+ Qxd3 67. Rxd3+ Kxd3 68. h5 c4 69. h6 c3 70. h7 c2 71. h8Q c1Q 72. Qh7+ Kd4 73. Qxf7 Qg1+ 74. Kf3 Qh1+ 75. Kf4 Qc1+ 76. Kf5 Kd3 77. Qb3+ Ke2 78. Qe3+ 1-0

[Event "HUN-chT2 Maroczy 1516"]
[Site "Hungary"]
[Date "2015.11.08"]
[Round "2.2"]
[White "Nomin Erdene, Davaademberel"]
[Black "Fusthy, Zsolt"]
[Result "1-0"]
[WhiteElo "2427"]
[BlackElo "2310"]
[PlyCount "151"]
[EventDate "2015.10.18"]
[EventType "team-tourn"]
[EventRounds "9"]
[EventCountry "HUN"]
[SourceTitle "CBM 170 Extra"]
[Source "ChessBase"]
[SourceDate "2016.02.25"]
[SourceVersion "1"]
[SourceVersionDate "2016.02.25"]
[SourceQuality "1"]
[WhiteTeam "Toth Laszlo"]
[BlackTeam "MLTC"]
[WhiteTeamCountry "HUN"]
[BlackTeamCountry "HUN"]

1. e4 e5 2. Nf3 Nc6 3. Bb5 a6 4. Ba4 Nf6 5. 0-0 Be7 6. Re1 b5 7. Bb3 d6 8. c3 0-0 9. h3 Na5 10. Bc2 c5 11. d4 Qc7 12. d5 Bd7 13. b3 Rfe8 14. Nbd2 g6 15. Nf1 Nh5 16. N3h2 Nb7 17. Ng4 Nd8 18. Nh6+ Kh8 19. Nh2 Rf8 20. Nf3 f6 21. Nh2 Nf7 22. N6g4 a5 23. Be3 Nf4 24. Nf1 Nh5 25. Qe2 b4 26. Bd2 Nf4 27. Qd1 Qc8 28. Nge3 h5 29. Nc4 bxc3 30. Bxf4 exf4 31. Nb6 Qb7 32. Nxa8 Ne5 33. Rc1 Rxa8 34. Bb1 a4 35. Rxc3 Bd8 36. Nd2 Ba5 37. Rc1 Bxh3 38. Rf1 Bg4 39. f3 Bd7 40. Nc4 Bc7 41. Bc2 a3 42. Bd3 Qb4 43. Kf2 g5 44. g3 fxg3+ 45. Kxg3 h4+ 46. Kg2 Rg8 47. Rh1 Kg7 48. Kf2 Rh8 49. Be2 Kf7 50. Ke3 Ng6 51. Qd2 Qxd2+ 52. Kxd2 Ke7 53. Ke3 Ra8 54. Rcg1 h3 55. Bf1 Nf4 56. Rh2 Ba5 57. Rgh1 Bc3 58. Nb6 Bd4+ 59. Kd2 Rb8 60. Nxd7 Kxd7 61. Bxh3+ Kc7 62. Bf5 c4 63. Rc1 c3+ 64. Kc2 Kb6 65. Re1 Re8 66. Bd7 Re7 67. Bf5 Nxd5 68. Kd3 Bc5 69. Reh1 Re5 70. Bh7 Nf4+ 71. Kc2 d5 72. Rh6 dxe4 73. Rxf6+ Kb5 74. fxe4 Bd4 75. Rf5 g4 76. Rxf4 1-0

[Event "HUN-chT 1415"]
[Site "Hungary"]
[Date "2015.03.22"]
[Round "8.5"]
[White "Lorand, Norbert"]
[Black "Fusthy, Zsolt"]
[Result "1/2-1/2"]
[WhiteElo "2348"]
[BlackElo "2325"]
[PlyCount "41"]
[EventDate "2014.10.12"]
[EventType "team-tourn"]
[EventRounds "9"]
[EventCountry "HUN"]
[SourceTitle "EXT 2016"]
[Source "ChessBase"]
[SourceDate "2015.10.08"]
[SourceVersion "1"]
[SourceVersionDate "2015.10.08"]
[SourceQuality "1"]
[WhiteTeam "Dunaharaszti"]
[BlackTeam "MLTC"]
[WhiteTeamCountry "HUN"]
[BlackTeamCountry "HUN"]

1. e4 c6 2. d4 d5 3. Nc3 dxe4 4. Nxe4 Bf5 5. Ng3 Bg6 6. h4 h6 7. Nf3 Nd7 8. h5 Bh7 9. Bd3 Bxd3 10. Qxd3 e6 11. Bf4 Qa5+ 12. Bd2 Bb4 13. c3 Be7 14. c4 Qc7 15. Ne4 Ngf6 16. 0-0-0 0-0-0 17. g3 c5 18. Nxf6 Bxf6 19. Qa3 cxd4 20. Qxa7 Qc5 21. Qxc5+ 1/2-1/2

[Event "HUN-chT 1415"]
[Site "Hungary"]
[Date "2014.11.30"]
[Round "3.4"]
[White "Fusthy, Zsolt"]
[Black "Szamoskozi, Gabor"]
[Result "1/2-1/2"]
[WhiteElo "2325"]
[BlackElo "2335"]
[PlyCount "31"]
[EventDate "2014.10.12"]
[EventType "team-tourn"]
[EventRounds "9"]
[EventCountry "HUN"]
[SourceTitle "CBM 163 Extra"]
[Source "ChessBase"]
[SourceDate "2014.12.23"]
[SourceVersion "1"]
[SourceVersionDate "2014.12.23"]
[SourceQuality "1"]
[WhiteTeam "MLTC"]
[BlackTeam "Penzugyor"]
[WhiteTeamCountry "HUN"]
[BlackTeamCountry "HUN"]

1. e4 c5 2. Nf3 Nc6 3. d4 cxd4 4. Nxd4 Nf6 5. Nc3 e5 6. Ndb5 d6 7. Bg5 a6 8. Na3 b5 9. Nd5 Be7 10. Bxf6 Bxf6 11. c4 b4 12. Nc2 a5 13. g3 g6 14. Nxf6+ Qxf6 15. Bg2 0-0 16. 0-0 1/2-1/2

[Event "HUN-chT2 Maroczy 1314"]
[Site "Hungary"]
[Date "2014.04.13"]
[Round "10"]
[White "Fusthy, Zsolt"]
[Black "Mokcsay, Robert"]
[Result "1/2-1/2"]
[WhiteElo "2323"]
[BlackElo "2277"]
[PlyCount "39"]
[EventDate "2013.09.08"]
[EventType "team-tourn"]
[EventRounds "11"]
[EventCountry "HUN"]
[SourceTitle "EXT 2016"]
[Source "ChessBase"]
[SourceDate "2015.10.08"]
[SourceVersion "1"]
[SourceVersionDate "2015.10.08"]
[SourceQuality "1"]
[WhiteTeam "Budapest MLTC II"]
[BlackTeam "Penzugyor II"]
[WhiteTeamCountry "HUN"]
[BlackTeamCountry "HUN"]

1. e4 c6 2. d4 d5 3. e5 c5 4. dxc5 Nc6 5. Bb5 Qa5+ 6. Nc3 e6 7. Be3 Bd7 8. Nf3 Nxe5 9. Nxe5 Bxb5 10. Qh5 g6 11. Nxg6 Nf6 12. Qe5 hxg6 13. Qxf6 Rh7 14. Bd2 Qb4 15. Nxd5 Qe4+ 16. Ne3 Bg7 17. Qg5 Bxb2 18. Rb1 Qd4 19. Qg4 a6 20. c4 1/2-1/2

[Event "HUN-chT2 Charousek 1213"]
[Site "Hungary"]
[Date "2012.12.02"]
[Round "5"]
[White "Fusthy, Zsolt"]
[Black "Sipos, Janos"]
[Result "0-1"]
[WhiteElo "2325"]
[BlackElo "2280"]
[PlyCount "88"]
[EventDate "2012.09.16"]
[EventType "team-tourn"]
[EventRounds "11"]
[EventCountry "HUN"]
[SourceTitle "EXT 2014"]
[Source "ChessBase"]
[SourceDate "2013.11.20"]
[SourceVersion "1"]
[SourceVersionDate "2013.11.20"]
[SourceQuality "1"]
[WhiteTeam "MLTC II"]
[BlackTeam "Aquaprofit II"]
[WhiteTeamCountry "HUN"]
[BlackTeamCountry "HUN"]

1. e4 c5 2. Nf3 d6 3. d4 cxd4 4. Nxd4 Nf6 5. Nc3 g6 6. Be3 Bg7 7. f3 0-0 8. Qd2 Nc6 9. Bc4 Bd7 10. 0-0-0 Rc8 11. Bb3 Nxd4 12. Bxd4 b5 13. h4 a5 14. h5 a4 15. Bxf6 exf6 16. Bd5 f5 17. hxg6 hxg6 18. g4 b4 19. gxf5 bxc3 20. Qh2 Re8 21. fxg6 Be6 22. Rdg1 f6 23. Rd1 Qb6 24. bxc3 Qe3+ 25. Qd2 Rxc3 26. Bxe6+ Rxe6 27. Qxe3 Rxe3 28. Rd3 Rxd3 29. cxd3 f5 30. Rg1 Bd4 31. Rg2 fxe4 32. fxe4 a3 33. Kc2 Kg7 34. Kb3 Bb2 35. Kc4 Re5 36. Rg4 Rc5+ 37. Kb4 Rc1 38. d4 Ra1 39. Kb3 Re1 40. Kc4 Rd1 41. d5 Ra1 42. Kb3 Rf1 43. e5 dxe5 44. Kc4 Rf4+ 0-1

[Event "HUN-chT2 Charousek 1112"]
[Site "Hungary"]
[Date "2012.05.06"]
[Round "10"]
[White "Vertetics, Attila"]
[Black "Fusthy, Zsolt"]
[Result "1/2-1/2"]
[WhiteElo "2387"]
[BlackElo "2325"]
[PlyCount "20"]
[EventDate "2011.09.25"]
[EventType "team-tourn"]
[EventRounds "11"]
[EventCountry "HUN"]
[SourceTitle "EXT 2013"]
[Source "ChessBase"]
[SourceDate "2012.11.22"]
[SourceVersion "1"]
[SourceVersionDate "2012.11.22"]
[SourceQuality "1"]
[WhiteTeam "Gyor Elektromos"]
[BlackTeam "MLTC II"]
[WhiteTeamCountry "HUN"]
[BlackTeamCountry "HUN"]

1. d4 Nf6 2. Nf3 g6 3. g3 Bg7 4. Bg2 c5 5. c3 cxd4 6. cxd4 d5 7. 0-0 0-0 8. Ne5 Nfd7 9. Nxd7 Qxd7 10. Nc3 Nc6 1/2-1/2

[Event "HUN-chT2 Charousek 1112"]
[Site "Hungary"]
[Date "2012.01.29"]
[Round "5"]
[White "Meszaros, Michal"]
[Black "Fusthy, Zsolt"]
[Result "1-0"]
[WhiteElo "2377"]
[BlackElo "2325"]
[PlyCount "55"]
[EventDate "2011.09.25"]
[EventType "team-tourn"]
[EventRounds "11"]
[EventCountry "HUN"]
[SourceTitle "EXT 2013"]
[Source "ChessBase"]
[SourceDate "2012.11.22"]
[SourceVersion "1"]
[SourceVersionDate "2012.11.22"]
[SourceQuality "1"]
[WhiteTeam "Haladas II"]
[BlackTeam "MLTC II"]
[WhiteTeamCountry "HUN"]
[BlackTeamCountry "HUN"]

1. e4 c6 2. d4 d5 3. e5 Bf5 4. Nf3 e6 5. Be2 Nd7 6. 0-0 Bg6 7. Nbd2 Nh6 8. Nb3 Nf5 9. Bd2 Be7 10. g4 Nh4 11. Nxh4 Bxh4 12. f4 Be4 13. Bd3 Bxd3 14. cxd3 Be7 15. f5 0-0 16. Rf3 a5 17. a4 Qb6 18. Kh1 Rfc8 19. Rh3 c5 20. f6 gxf6 21. g5 f5 22. Rxh7 Nf8 23. g6 Nxg6 24. Qh5 Bf8 25. Rg1 Bg7 26. Rxg6 fxg6 27. Qxg6 Rc7 28. Bh6 1-0

[Event "HUN-chT2 Charousek 1112"]
[Site "Hungary"]
[Date "2011.09.25"]
[Round "1"]
[White "Gergacz, Attila"]
[Black "Fusthy, Zsolt"]
[Result "1-0"]
[WhiteElo "2426"]
[BlackElo "2325"]
[PlyCount "79"]
[EventDate "2011.09.25"]
[EventType "team-tourn"]
[EventRounds "11"]
[EventCountry "HUN"]
[SourceTitle "EXT 2013"]
[Source "ChessBase"]
[SourceDate "2012.11.22"]
[SourceVersion "1"]
[SourceVersionDate "2012.11.22"]
[SourceQuality "1"]
[WhiteTeam "Aquaprofit II"]
[BlackTeam "MLTC II"]
[WhiteTeamCountry "HUN"]
[BlackTeamCountry "HUN"]

1. e4 e5 2. Nf3 Nf6 3. Nc3 Bb4 4. Qe2 0-0 5. a3 Bxc3 6. dxc3 h6 7. c4 Nc6 8. g4 d6 9. g5 hxg5 10. Bxg5 Bg4 11. c3 Qe7 12. Rg1 Bh5 13. Bh3 Nd8 14. Qe3 Ne6 15. Nh4 Nxg5 16. Qxg5 Bg6 17. Bf5 Rfe8 18. Nxg6 fxg6 19. Qxg6 Qf7 20. Qxf7+ Kxf7 21. Bg6+ Kf8 22. Bxe8 Rxe8 23. f3 Nh5 24. Kf2 Nf4 25. Ke3 Re6 26. Rad1 Rh6 27. Rd2 Ne6 28. b4 b6 29. a4 Kf7 30. Rdg2 Kf6 31. c5 bxc5 32. bxc5 Nxc5 33. Rxg7 Ne6 34. R7g2 Nc5 35. a5 a6 36. h4 Ke7 37. Rg7+ Kd8 38. R1g4 Nb3 39. Rf7 Kc8 40. Rgg7 1-0

[Event "HUN-chT 1011"]
[Site "Hungary"]
[Date "2011.05.15"]
[Round "11"]
[White "Szepes, Tamas"]
[Black "Fusthy, Zsolt"]
[Result "0-1"]
[WhiteElo "2078"]
[BlackElo "2322"]
[PlyCount "106"]
[EventDate "2010.10.10"]
[EventType "team-tourn"]
[EventRounds "11"]
[EventCountry "HUN"]
[SourceTitle "EXT 2012"]
[Source "ChessBase"]
[SourceDate "2011.11.24"]
[SourceVersion "1"]
[SourceVersionDate "2011.11.24"]
[SourceQuality "1"]
[WhiteTeam "Taban Spartacus"]
[BlackTeam "MLTC"]
[WhiteTeamCountry "HUN"]
[BlackTeamCountry "HUN"]

1. d4 Nf6 2. c4 e6 3. g3 c5 4. Nf3 cxd4 5. Nxd4 Qc7 6. b3 Nc6 7. Bg2 Bb4+ 8. Bd2 Bc5 9. Nxc6 dxc6 10. 0-0 0-0 11. Bc3 e5 12. Qc2 Re8 13. Nd2 Bg4 14. Ne4 Nxe4 15. Bxe4 g6 16. Qb2 Rad8 17. Rad1 Rxd1 18. Rxd1 Qb6 19. Rf1 f6 20. b4 Bd4 21. c5 Qd8 22. Bxd4 Qxd4 23. Qxd4 exd4 24. f3 Be6 25. Rd1 Bxa2 26. Rxd4 f5 27. Bd3 Bd5 28. Kf2 Kf7 29. g4 fxg4 30. Rxg4 Kf6 31. h4 Re5 32. e4 Be6 33. Rg1 Rh5 34. Rh1 a5 35. f4 axb4 36. e5+ Ke7 37. Kg3 b3 38. Ra1 Kd7 39. Rd1 Kc7 40. Be2 Rf5 41. Bg4 b6 42. Bxf5 Bxf5 43. cxb6+ Kxb6 44. Kf2 Kc5 45. Ke3 Kb4 46. Rd8 b2 47. Kd4 c5+ 48. Kd5 Kc3 49. Rb8 b1Q 50. Rxb1 Bxb1 51. Kxc5 Ba2 52. h5 gxh5 53. f5 h4 0-1

[Event "HUN-chT 1011"]
[Site "Hungary"]
[Date "2011.05.01"]
[Round "10"]
[White "Ruck, Tamas"]
[Black "Fusthy, Zsolt"]
[Result "1/2-1/2"]
[WhiteElo "2298"]
[BlackElo "2322"]
[PlyCount "62"]
[EventDate "2010.10.10"]
[EventType "team-tourn"]
[EventRounds "11"]
[EventCountry "HUN"]
[SourceTitle "EXT 2012"]
[Source "ChessBase"]
[SourceDate "2011.11.24"]
[SourceVersion "1"]
[SourceVersionDate "2011.11.24"]
[SourceQuality "1"]
[WhiteTeam "Haladas"]
[BlackTeam "MLTC"]
[WhiteTeamCountry "HUN"]
[BlackTeamCountry "HUN"]

1. e4 c6 2. d4 d5 3. Nc3 dxe4 4. Nxe4 Bf5 5. Ng3 Bg6 6. h4 h6 7. Nf3 Nd7 8. h5 Bh7 9. Bd3 Bxd3 10. Qxd3 e6 11. Bd2 Qc7 12. 0-0-0 0-0-0 13. Ne4 Ngf6 14. g3 Nc5 15. Nxc5 Bxc5 16. c4 Rhe8 17. Bc3 Bb6 18. Qc2 Qe7 19. Qe2 c5 20. dxc5 Rxd1+ 21. Kxd1 Qxc5 22. Ne5 Rd8+ 23. Kc2 Qxf2 24. Qxf2 Bxf2 25. Nxf7 Rf8 26. Nd6+ Kd7 27. Nxb7 Kc7 28. Na5 Bxg3 29. b4 e5 30. Rh3 Bf4 31. b5 Ng4 1/2-1/2

[Event "HUN-chT 1011"]
[Site "Hungary"]
[Date "2011.04.17"]
[Round "9"]
[White "Farago, Ivan"]
[Black "Fusthy, Zsolt"]
[Result "1-0"]
[WhiteElo "2420"]
[BlackElo "2322"]
[PlyCount "137"]
[EventDate "2010.10.10"]
[EventType "team-tourn"]
[EventRounds "11"]
[EventCountry "HUN"]
[SourceTitle "EXT 2012"]
[Source "ChessBase"]
[SourceDate "2011.11.24"]
[SourceVersion "1"]
[SourceVersionDate "2011.11.24"]
[SourceQuality "1"]
[WhiteTeam "Aquaprofit"]
[BlackTeam "MLTC"]
[WhiteTeamCountry "HUN"]
[BlackTeamCountry "HUN"]

1. d4 Nf6 2. c4 g6 3. Nc3 d5 4. Nf3 Bg7 5. Qb3 dxc4 6. Qxc4 0-0 7. e4 a6 8. Qa4 Nc6 9. d5 Na7 10. Bg5 c6 11. 0-0-0 Qc7 12. Kb1 b5 13. Qb3 Bg4 14. Be2 c5 15. h3 Bxf3 16. Bxf3 Qe5 17. Bh4 Nd7 18. d6 e6 19. Bg3 Qf6 20. e5 Nxe5 21. Bxa8 Rxa8 22. Bxe5 Qxe5 23. Rhe1 Qf5+ 24. Ne4 Nc6 25. g4 Qe5 26. f4 Qxf4 27. Nxc5 Nd4 28. Qd3 Qxd6 29. Ne4 Qb6 30. Qe3 Rd8 31. Qf2 e5 32. g5 Qe6 33. Nf6+ Bxf6 34. Qxf6 Qxf6 35. gxf6 Rd5 36. Rc1 h6 37. Rc8+ Kh7 38. Rf8 g5 39. Rxf7+ Kg6 40. Ra7 Kxf6 41. Rf1+ Kg6 42. Rxa6+ Kh5 43. Rff6 Kh4 44. Rxh6+ Kg3 45. Ra3+ Kf2 46. h4 g4 47. Rg6 b4 48. Ra8 g3 49. Rag8 Ne2 50. h5 e4 51. h6 Rc5 52. b3 Rh5 53. Kb2 e3 54. Rf8+ Ke1 55. Re8 Kd2 56. Rd6+ Ke1 57. Rxe3 Kf2 58. Re8 g2 59. Rf6+ Ke1 60. Rg6 Kf2 61. Rxg2+ Kxg2 62. Rxe2+ Kf3 63. Re6 Rh2+ 64. Kb1 Rh4 65. Kc2 Kf4 66. Kd3 Kf5 67. Rb6 Ke5 68. h7 Rxh7 69. Rxb4 1-0

[Event "HUN-chT2 Maroczy 1011"]
[Site "Hungary"]
[Date "2010.10.24"]
[Round "4"]
[White "Fusthy, Zsolt"]
[Black "Berczes, Csaba"]
[Result "1-0"]
[WhiteElo "2322"]
[BlackElo "2402"]
[PlyCount "99"]
[EventDate "2010.09.12"]
[EventType "team-tourn"]
[EventRounds "11"]
[EventCountry "HUN"]
[SourceTitle "EXT 2012"]
[Source "ChessBase"]
[SourceDate "2011.11.24"]
[SourceVersion "1"]
[SourceVersionDate "2011.11.24"]
[SourceQuality "1"]
[WhiteTeam "MLTC II"]
[BlackTeam "Dunaharaszti"]
[WhiteTeamCountry "HUN"]
[BlackTeamCountry "HUN"]

1. e4 d6 2. d4 Nf6 3. Nc3 e5 4. dxe5 dxe5 5. Qxd8+ Kxd8 6. Bc4 Ke8 7. f3 Bc5 8. Nge2 a6 9. a4 h6 10. Bd2 Bd7 11. Nd5 Nxd5 12. Bxd5 c6 13. Bb3 b6 14. Bc3 f6 15. f4 Bd6 16. 0-0-0 Ke7 17. fxe5 Bxe5 18. Bxe5 fxe5 19. Rhf1 Be8 20. Ng3 g6 21. Nh1 Nd7 22. Nf2 Rf8 23. Nd3 Rxf1 24. Rxf1 Rc8 25. c3 c5 26. Bd5 Rc7 27. b3 b5 28. a5 g5 29. Kd2 Nf6 30. Nxe5 Nxd5 31. exd5 Kd6 32. Ng4 h5 33. Rf6+ Kxd5 34. Ne3+ Ke5 35. Rxa6 Rd7+ 36. Ke2 Bf7 37. Rc6 Bxb3 38. Rxc5+ Ke4 39. Rxb5 Bf7 40. Rb4+ Ke5 41. a6 Bg6 42. Rb5+ Kf6 43. Rb6+ Kf7 44. Rb7 Bd3+ 45. Kf3 Ke6 46. Rxd7 Kxd7 47. a7 Bb5 48. a8Q Bc6+ 49. Qxc6+ Kxc6 50. Ke4 1-0

[Event "HUN-chT2 Maroczy 0910"]
[Site "Hungary"]
[Date "2010.04.18"]
[Round "10"]
[White "Blasko, Istvan"]
[Black "Fusthy, Zsolt"]
[Result "1/2-1/2"]
[WhiteElo "2316"]
[BlackElo "2321"]
[PlyCount "73"]
[EventDate "2009.11.08"]
[EventType "team-tourn"]
[EventRounds "11"]
[EventCountry "HUN"]
[SourceTitle "EXT 2011"]
[Source "ChessBase"]
[SourceDate "2010.11.26"]
[SourceVersion "1"]
[SourceVersionDate "2010.11.26"]
[SourceQuality "1"]
[WhiteTeam "Matra"]
[BlackTeam "MLTC II"]
[WhiteTeamCountry "HUN"]
[BlackTeamCountry "HUN"]

1. c4 e5 2. Nc3 Nc6 3. g3 d6 4. Bg2 Be6 5. d3 Qd7 6. e3 Nge7 7. Nd5 Nd8 8. b3 Nc8 9. Bb2 c6 10. Nc3 d5 11. a3 Be7 12. Nge2 0-0 13. 0-0 Nb6 14. Qc2 Bh3 15. Nd1 Bxg2 16. Kxg2 f6 17. f3 Ne6 18. Nf2 Rfd8 19. Rad1 Bf8 20. Ng4 Qf7 21. h4 Qg6 22. Rh1 h5 23. Nf2 Rd7 24. Rd2 Rad8 25. Rhd1 Qh6 26. e4 dxc4 27. bxc4 Bc5 28. Nc1 Be3 29. Re2 Bd4 30. Nb3 Bxb2 31. Qxb2 Nxc4 32. Qa2 Kh7 33. Nc1 Ne3+ 34. Rxe3 Qxe3 35. Qxe6 Rd6 36. Qf7 Qc5 37. Qxh5+ 1/2-1/2